<?xml version="1.0" encoding="UTF-8"?><?xml-stylesheet type="text/xsl" href="static/style.xsl"?><OAI-PMH xmlns="http://www.openarchives.org/OAI/2.0/" xmlns:xsi="http://www.w3.org/2001/XMLSchema-instance" xsi:schemaLocation="http://www.openarchives.org/OAI/2.0/ http://www.openarchives.org/OAI/2.0/OAI-PMH.xsd"><responseDate>2026-06-02T21:33:54Z</responseDate><request verb="GetRecord" identifier="oai:riuma.uma.es:10630/37253" metadataPrefix="marc">https://riuma.uma.es/rest/oai/request</request><GetRecord><record><header><identifier>oai:riuma.uma.es:10630/37253</identifier><datestamp>2026-02-03T11:45:15Z</datestamp><setSpec>com_10630_2254</setSpec><setSpec>col_10630_37956</setSpec></header><metadata><record xmlns="http://www.loc.gov/MARC21/slim" xmlns:dcterms="http://purl.org/dc/terms/" xmlns:doc="http://www.lyncode.com/xoai" xmlns:xsi="http://www.w3.org/2001/XMLSchema-instance" xsi:schemaLocation="http://www.loc.gov/MARC21/slim http://www.loc.gov/standards/marcxml/schema/MARC21slim.xsd">
   <leader>00925njm 22002777a 4500</leader>
   <datafield ind2=" " ind1=" " tag="042">
      <subfield code="a">dc</subfield>
   </datafield>
   <datafield ind2=" " ind1=" " tag="720">
      <subfield code="a">Caro Navarro, Ángela</subfield>
      <subfield code="e">author</subfield>
   </datafield>
   <datafield ind2=" " ind1=" " tag="720">
      <subfield code="a">Peña, Daniel</subfield>
      <subfield code="e">author</subfield>
   </datafield>
   <datafield ind2=" " ind1=" " tag="260">
      <subfield code="c">2021</subfield>
   </datafield>
   <datafield ind2=" " ind1=" " tag="520">
      <subfield code="a">Este trabajo analiza cómo la predicción económica ha ido evolucionando en función de los datos disponibles y cómo la reciente disponibilidad de datos masivos está transformando los métodos utilizados para el pronóstico. Se revisan brevemente tres períodos en la evolución de los procedimientos de predicción económica y empresarial y se presentan las características de una cuarta etapa, que se ha iniciado en este siglo con la revolución del Big data. Se analizan los cambios metodológicos para construir predicciones basadas en modelos econométricos, estadísticos y de aprendizaje de máquina (machine learning) y se describen algunos de los más utilizados para la predicción con series temporales. Como ilustración, se comparan las predicciones de un conjunto de variables que describen el ciclo económico en los países de la OCDE obtenidas con un&#xd;
modelo factorial dinámico y una red neuronal recurrente.</subfield>
   </datafield>
   <datafield ind1="8" ind2=" " tag="024">
      <subfield code="a">Caro, Á. y Peña, D. (2021). Predicción de series temporales económicas con datos masivos. Peña, D. (ed. Lit.), Poncela, P (ed. Lit.), Ruiz, E. (ed. Lit.), Nuevos métodos de predicción económica con datos masivos (pp. 5-32). FUNCAS</subfield>
   </datafield>
   <datafield ind1="8" ind2=" " tag="024">
      <subfield code="a">978-84-17609-48-1</subfield>
   </datafield>
   <datafield ind1="8" ind2=" " tag="024">
      <subfield code="a">https://hdl.handle.net/10630/37253</subfield>
   </datafield>
   <datafield tag="653" ind2=" " ind1=" ">
      <subfield code="a">Series temporales - Modelos econométricos - Proceso de datos</subfield>
   </datafield>
   <datafield ind2="0" ind1="0" tag="245">
      <subfield code="a">Predicción de series temporales económicas con datos masivos: perspectiva, avances y comparaciones.</subfield>
   </datafield>
</record>
</metadata></record></GetRecord></OAI-PMH>